000 00605nam a2200181Ia 4500
008 090123s9999 xx 000 0 und d
082 _b9128
100 _aगुडिबंडे पुर्णिमा
245 _aबळगिनदे बेरे
250 _a1
260 _bआय.बी.एच. प्रकाशन
_c1983
300 _a182
600 _aगुडिबंडे पुर्णिमा
630 _aबळगिनदे बेरे
700 _aगुडिबंडे पुर्णिमा
730 _aबळगिनदे बेरे
942 _cBOOK
999 _c47193
_d47193